000
00209 a2200097 4500
001
23663
100
_a
Rahim, K.A
245
_a
Iqbal : the poet of tomorrow
260
_a
_b
Ferozsons
_c
090
_c
16043
_d
16043
942
_a
NUST-CAE
_c
M
_c
6718
999
_c
258736
_d
258736